[Event "Velka cena Tabora"]
[Site "?"]
[Date "2018.08.03"]
[Round "7.36"]
[White "Prochazka, Pavel"]
[Black "Varga, Hynek"]
[Result "1/2-1/2"]
[WhiteElo "1711"]
[BlackElo "1473"]
[PlyCount "97"]
[EventDate "2018.??.??"]

1. e4 e5 2. Nf3 Nc6 3. d4 exd4 4. Bc4 Nf6 5. e5 d5 6. exd6 Qxd6 7. O-O Be7 8.
Bb5 O-O 9. Bxc6 bxc6 10. Qxd4 Bb7 11. Bf4 Qxd4 12. Nxd4 Bd6 13. Bg3 Rfe8 14.
Nc3 Ne4 15. Nxe4 Rxe4 16. Nf5 Bxg3 17. Nxg3 Re5 18. c4 a5 19. Rfe1 Rae8 20.
Rxe5 Rxe5 21. Rd1 Kf8 22. f4 Re6 23. Rd8+ Re8 24. Rd7 Re7 25. Rd8+ Re8 26.
Rxe8+ Kxe8 27. Nh5 Kf8 28. c5 Ba6 29. Kf2 Bc4 30. a3 f6 31. g4 Kf7 32. Ke3 g6
33. Ng3 Ke6 34. Kd4 Bd5 35. h4 h6 36. g5 fxg5 37. fxg5 hxg5 38. hxg5 Bf3 39. b4
axb4 40. axb4 Bg2 41. Ke3 Ke5 42. Kf2 Be4 43. Ke3 Bd5 44. Ne2 Kf5 45. Kd4 Kxg5
46. b5 Bf3 47. b6 cxb6 48. cxb6 c5+ 49. Kxc5 1/2-1/2

[Event "Velka cena Tabora"]
[Site "?"]
[Date "2018.08.03"]
[Round "7.37"]
[White "Vavrousek, Petr"]
[Black "Rolinkova, Adela"]
[Result "1-0"]
[WhiteElo "1686"]
[BlackElo "1129"]
[PlyCount "71"]
[EventDate "2018.??.??"]

1. e4 d6 2. d4 Nf6 3. Nc3 g6 4. Be3 Bg7 5. Qd2 O-O 6. h3 c6 7. f4 Nbd7 8. Nf3
Qa5 9. Bd3 e5 10. O-O-O exd4 11. Nxd4 c5 12. Nb3 Qc7 13. Nb5 Qb6 14. Qa5 Qxa5
15. Nxa5 a6 16. Nxd6 Rd8 17. Nxc8 Rdxc8 18. Nxb7 Bf8 19. e5 Ne8 20. Be4 Rc7 21.
Nd6 Rb8 22. Nc4 Nb6 23. Nxb6 Rxb6 24. g4 Rc8 25. Rd7 Rc7 26. Rhd1 Rb5 27. Bf3
Rc8 28. f5 Rcb8 29. b3 c4 30. Bd5 cxb3 31. axb3 a5 32. Bxf7+ Kh8 33. Bxe8 Rxe8
34. Rd8 Rxd8 35. Rxd8 Kg7 36. f6+ 1-0

[Event "Velka cena Tabora"]
[Site "?"]
[Date "2018.08.03"]
[Round "7.38"]
[White "Straka, Zdenek"]
[Black "Herynek, Petr"]
[Result "0-1"]
[WhiteElo "1776"]
[BlackElo "1621"]
[PlyCount "119"]
[EventDate "2018.??.??"]

1. e4 e5 2. Nf3 Nc6 3. Bc4 Bc5 4. d3 Nf6 5. c3 d6 6. Bg5 Bg4 7. Nbd2 h6 8. Bh4
g5 9. Bg3 Qd7 10. a4 Bb6 11. b4 a5 12. b5 Ne7 13. h3 Be6 14. d4 Bxc4 15. Nxc4
Nxe4 16. Nxb6 cxb6 17. dxe5 Nxg3 18. fxg3 d5 19. O-O O-O-O 20. Rc1 Nf5 21. Qe1
Kb8 22. g4 Ng7 23. Nd4 Ne6 24. Rf6 Ka7 25. Nf5 Nc5 26. Ra1 Ne4 27. Rxh6 Rxh6
28. Nxh6 Qc7 29. Rc1 Rd7 30. c4 Qxe5 31. cxd5 Qxd5 32. Nf5 Nc5 33. Qe3 Nxa4 34.
Qxg5 Qxb5 35. h4 Nc5 36. h5 Ne6 37. Qe3 Qb2 38. Rf1 Rd2 39. Nh4 Re2 40. Qf3
Qd4+ 41. Kh1 Re3 42. Qxf7 Qxg4 43. Nf3 Nf4 44. Rf2 Rxf3 45. gxf3 Qh4+ 46. Kg1
Nh3+ 47. Kg2 Nxf2 48. Qg6 Nh3 49. Qf5 Qg5+ 50. Qg4 Qxg4+ 51. fxg4 Ng5 52. Kg3
a4 53. Kf4 Nh7 54. g5 a3 55. g6 Nf6 56. Kg5 Ng8 57. h6 Nxh6 58. Kxh6 a2 59. g7
a1=Q 60. g8=Q 0-1

[Event "Velka cena Tabora"]
[Site "?"]
[Date "2018.08.03"]
[Round "7.39"]
[White "Kukacka, Ladislav"]
[Black "Cipera, Josef"]
[Result "0-1"]
[WhiteElo "1549"]
[BlackElo "1688"]
[PlyCount "64"]
[EventDate "2018.??.??"]

1. e4 c5 2. Nf3 e6 3. d4 cxd4 4. Nxd4 a6 5. Bd3 g6 6. Bd2 Bg7 7. Bc3 e5 8. Nf3
Nc6 9. O-O Nge7 10. Nbd2 b5 11. b3 O-O 12. Bb2 d6 13. h3 Bh6 14. c4 Nb4 15. Nh2
f5 16. f3 Bf4 17. Qe1 Rf7 18. g3 Qb6+ 19. Kh1 Be3 20. Rc1 Bc5 21. g4 fxg4 22.
Nxg4 Bxg4 23. fxg4 Raf8 24. Rxf7 Rxf7 25. Qg3 Bf2 26. c5 dxc5 27. Nc4 Qd8 28.
Qg2 Qxd3 29. Bxe5 Rf3 30. Kh2 Bh4 31. Rd1 Qxd1 32. Nb2 Qf1 0-1

[Event "Velka cena Tabora"]
[Site "?"]
[Date "2018.08.03"]
[Round "7.40"]
[White "Severa, Jiri"]
[Black "Kral, Ladislav"]
[Result "1/2-1/2"]
[WhiteElo "1633"]
[BlackElo "1519"]
[PlyCount "91"]
[EventDate "2018.??.??"]

1. d4 d5 2. Nf3 Nf6 3. c4 c6 4. Nc3 dxc4 5. a4 Bf5 6. e3 e6 7. Bxc4 Nbd7 8. O-O
Bb4 9. Bd2 a5 10. Rc1 O-O 11. Re1 Nb6 12. Be2 Nbd5 13. Bc4 Nxc3 14. bxc3 Be7
15. Be2 Nd5 16. Bc4 Nf6 17. Bb3 Rb8 18. c4 b5 19. Ne5 Qb6 20. cxb5 cxb5 21. Nc6
Rbe8 22. Bxa5 Qa6 23. Qe2 Be4 24. Qxb5 Qa8 25. f3 Bxc6 26. Rxc6 Rb8 27. Rb6
Rxb6 28. Bxb6 Rb8 29. Rc1 Bd8 30. a5 Bxb6 31. axb6 Qb7 32. Qc6 Qxc6 33. Rxc6
Nd7 34. Rc7 Nxb6 35. Bc2 Nd5 36. Ra7 Nxe3 37. Be4 Rd8 38. Kf2 Nc4 39. d5 exd5
40. Bxd5 Nd6 41. Kg3 g6 42. Ra8 Rxa8 43. Bxa8 Kg7 44. Kf4 f6 45. Ke3 h6 46. Kd4
1/2-1/2

[Event "Velka cena Tabora"]
[Site "?"]
[Date "2018.07.30"]
[Round "2.41"]
[White "Tumova, Anna"]
[Black "Nagyova, Daniela"]
[Result "1-0"]
[WhiteElo "1648"]
[BlackElo "1238"]
[PlyCount "95"]
[EventDate "2018.??.??"]

1. e4 e5 2. Nf3 Nc6 3. Bc4 Nf6 4. Ng5 d5 5. exd5 Nd4 6. c3 b5 7. cxd4 bxc4 8.
Qa4+ Nd7 9. Nf3 exd4 10. O-O Be7 11. Nxd4 O-O 12. Nc6 Nb6 13. Nxd8 Nxa4 14. Nc6
Bf6 15. Nc3 Nb6 16. Re1 a5 17. b3 Nxd5 18. Nxd5 Bxa1 19. Ba3 Bb7 20. Bxf8 Bxc6
21. Ne7+ Kxf8 22. Nxc6 Ra6 23. Nb8 Re6 24. Rxe6 fxe6 25. bxc4 a4 26. Na6 Ke7
27. Nxc7 Kd7 28. Nb5 Kc6 29. Kf1 Kc5 30. d3 e5 31. f3 Bd4 32. Nxd4 exd4 33. Ke2
Kb4 34. Kd2 g5 35. g3 h6 36. f4 gxf4 37. gxf4 Kc5 38. a3 Kd6 39. Ke2 Ke6 40.
Kf3 Kf5 41. h3 h5 42. h4 Ke6 43. Ke4 Kf6 44. c5 Ke6 45. f5+ Kd7 46. Kd5 Ke7 47.
c6 Kd8 48. Kd6 1-0

[Event "Velka cena Tabora"]
[Site "?"]
[Date "2018.07.30"]
[Round "2.42"]
[White "Handlovsky, Jachym"]
[Black "Severa, Jiri"]
[Result "0-1"]
[WhiteElo "1225"]
[BlackElo "1633"]
[PlyCount "128"]
[EventDate "2018.??.??"]

1. e4 d5 2. exd5 Qxd5 3. Nc3 Qa5 4. Nf3 Bg4 5. Bc4 e6 6. d3 c6 7. h3 Qh5 8. Qe2
Bxf3 9. Qxf3 Qxf3 10. gxf3 Nd7 11. Bf4 g6 12. Ne4 e5 13. Be3 Ngf6 14. O-O-O Nd5
15. a3 f5 16. Ng5 f4 17. Bd2 O-O-O 18. Nf7 Bc5 19. Nxd8 Rxd8 20. Bxd5 cxd5 21.
Rhf1 Rf8 22. Bb4 Rf5 23. Bxc5 Nxc5 24. Rfe1 Ne6 25. c3 Ng5 26. d4 Nxf3 27. dxe5
Nxe1 28. Rxe1 Kd7 29. e6+ Ke7 30. Kd2 Rh5 31. Kd3 Rxh3+ 32. Kd4 Rh5 33. Re5
Rxe5 34. Kxe5 h5 35. Kxf4 Kxe6 36. Kg5 Ke5 37. f4+ Ke4 38. Kxg6 Kxf4 39. Kxh5
Ke3 40. Kg5 Kd3 41. Kf5 Kc2 42. Ke5 Kxb2 43. Kxd5 Kxc3 44. Kc5 Kb3 45. Kb5 Kxa3
46. Ka5 Kb3 47. Kb5 Kc3 48. Kc5 Kd3 49. Kb5 Kd4 50. Kb4 Kd5 51. Kb5 Kd6 52. Ka5
Kc6 53. Kb4 b6 54. Kc4 a6 55. Kb4 a5+ 56. Ka4 Kc5 57. Ka3 b5 58. Kb3 a4+ 59.
Ka3 Kc4 60. Kb2 b4 61. Ka2 Kc3 62. Kb1 a3 63. Ka2 b3+ 64. Kxa3 Kc2 0-1

[Event "Velka cena Tabora"]
[Site "?"]
[Date "2018.07.30"]
[Round "2.43"]
[White "Svec, Vitezslav"]
[Black "Vojtek, Pavel"]
[Result "1-0"]
[WhiteElo "1632"]
[BlackElo "1212"]
[PlyCount "83"]
[EventDate "2018.??.??"]

1. d4 Nf6 2. Bf4 g6 3. Nc3 Bg7 4. e4 d5 5. e5 Nh5 6. Be3 f5 7. exf6 Nxf6 8. Be2
Nc6 9. Nf3 Bf5 10. Bd3 Bxd3 11. Qxd3 Qd7 12. O-O O-O-O 13. a4 Ng4 14. Bf4 e5
15. dxe5 Ncxe5 16. Nxe5 Nxe5 17. Qg3 Nc4 18. b3 Bxc3 19. Qxc3 Rhf8 20. Bh6 Nd6
21. Bxf8 Rxf8 22. Qd4 c6 23. Qxa7 Qd8 24. Qa8+ Kc7 25. Qxd8+ Kxd8 26. f3 Nf5
27. Rfe1 Nd4 28. Rac1 Re8 29. Rxe8+ Kxe8 30. Kf2 Kd7 31. Ke3 c5 32. Kd3 Kc6 33.
Re1 Kd7 34. f4 Kd6 35. Re8 Kd7 36. Rh8 h5 37. Rg8 Ne6 38. g3 h4 39. Rxg6 hxg3
40. hxg3 Nd4 41. g4 Ne6 42. Rf6 1-0

[Event "Velka cena Tabora"]
[Site "?"]
[Date "2018.07.30"]
[Round "2.44"]
[White "Dofek, Tomas"]
[Black "Vasicek, Milan"]
[Result "0-1"]
[WhiteElo "1158"]
[BlackElo "1630"]
[PlyCount "78"]
[EventDate "2018.??.??"]

1. e4 e5 2. Nf3 Nc6 3. Bc4 Bc5 4. Nc3 Nf6 5. d3 O-O 6. Bg5 Be7 7. O-O d6 8. Qd2
Bg4 9. Qe3 Bxf3 10. Qxf3 Nd4 11. Qd1 c6 12. Qd2 a5 13. a3 b5 14. Ba2 Qd7 15.
Rac1 d5 16. exd5 b4 17. Nb1 cxd5 18. axb4 axb4 19. Bb3 e4 20. Qe3 Bc5 21. Qd2
Qg4 22. Bxf6 Nf3+ 23. Kh1 Nxd2 24. Nxd2 gxf6 25. Bxd5 Rad8 26. Bxe4 Rfe8 27.
Rce1 f5 28. Bf3 Qg5 29. Nc4 Bxf2 30. Re2 Rxe2 31. Bxe2 Re8 32. Rxf2 Rxe2 33.
Kg1 Qc1+ 34. Rf1 Re1 35. Nd2 Qxd2 36. h3 Qe3+ 37. Kh2 Rxf1 38. c3 Qf4+ 39. g3
Qf2# 0-1

[Event "Velka cena Tabora"]
[Site "?"]
[Date "2018.07.30"]
[Round "2.45"]
[White "Privoznik, Lubos"]
[Black "Rolinkova, Adela"]
[Result "0-1"]
[WhiteElo "1626"]
[BlackElo "1129"]
[PlyCount "122"]
[EventDate "2018.??.??"]

1. e4 d6 2. d4 Nf6 3. Nc3 g6 4. g3 Bg7 5. Bg2 O-O 6. Nge2 c6 7. a4 Qa5 8. O-O
Na6 9. h3 Bd7 10. Be3 Rfe8 11. g4 Rad8 12. Ng3 Bc8 13. Nce2 c5 14. c3 e5 15. d5
Nd7 16. g5 Qc7 17. h4 Ndb8 18. h5 Bd7 19. Kh2 Qc8 20. Ng1 Bf8 21. Bh3 Be7 22.
Kg2 f6 23. Bxd7 Nxd7 24. hxg6 hxg6 25. Qg4 Kg7 26. gxf6+ Nxf6 27. Nf5+ Kf7 28.
Nh6+ Kg7 29. Qxc8 Rxc8 30. f3 Rh8 31. Ng4 Nxg4 32. fxg4 Rh4 33. Kg3 Rch8 34.
Rf2 R4h7 35. Raf1 Bh4+ 36. Kg2 Bxf2 37. Bxf2 Rf8 38. Bg3 Rxf1 39. Kxf1 Kf6 40.
Kg2 Kg5 41. Nf3+ Kxg4 42. Nd2 Nc7 43. Nc4 Ne8 44. a5 Rd7 45. Bxe5 Kh5 46. Bg3
g5 47. Kf3 Rf7+ 48. Kg2 Rf6 49. e5 dxe5 50. Bxe5 Rf5 51. d6 Rf7 52. Ne3 Rd7 53.
Nd5 Kg6 54. Ne7+ Kf7 55. Nc8 Ke6 56. Bg3 Nxd6 57. Nxa7 Nc4 58. b4 cxb4 59. cxb4
Rd2+ 60. Kf3 Kf5 61. Nb5 g4# 0-1

[Event "Velka cena Tabora"]
[Site "?"]
[Date "2018.07.30"]
[Round "2.46"]
[White "Tipplova, Adela"]
[Black "Hanzl, Tadeas"]
[Result "0-1"]
[WhiteElo "1117"]
[BlackElo "1614"]
[PlyCount "86"]
[EventDate "2018.??.??"]

1. e4 c5 2. Nf3 g6 3. d4 Bg7 4. Nc3 cxd4 5. Nxd4 Nc6 6. Be3 Nf6 7. Bc4 O-O 8.
O-O d6 9. h3 Bd7 10. Qf3 Rc8 11. Bb3 a6 12. a3 Qc7 13. Rad1 Ne5 14. Qe2 Nc4 15.
Bxc4 Qxc4 16. Qxc4 Rxc4 17. Rfe1 Rfc8 18. Bg5 Kf8 19. Bxf6 Bxf6 20. Nd5 Bxd4
21. c3 Ba7 22. e5 dxe5 23. Rxe5 Be6 24. b3 R4c5 25. b4 Rxd5 26. Rexd5 Bxd5 27.
Rxd5 Rxc3 28. Rd7 Rxa3 29. Rxb7 Bd4 30. Rd7 Be5 31. Rd8+ Kg7 32. g3 Bd6 33. Rd7
Ra4 34. f4 Rxb4 35. Ra7 Rb1+ 36. Kg2 Ra1 37. Kf3 a5 38. g4 a4 39. Ra6 a3 40. f5
gxf5 41. gxf5 Rf1+ 42. Ke3 Rxf5 43. Kd4 Rf3 0-1

[Event "Velka cena Tabora"]
[Site "?"]
[Date "2018.07.30"]
[Round "2.47"]
[White "Zimovcak, Zdenek"]
[Black "Havelkova, Beata"]
[Result "1-0"]
[WhiteElo "1609"]
[BlackElo "1100"]
[PlyCount "59"]
[EventDate "2018.??.??"]

1. e4 c5 2. c4 d6 3. Nc3 Nf6 4. d3 g6 5. Nf3 Nc6 6. Bd2 Bg7 7. Qc1 O-O 8. Be2
Re8 9. O-O Bg4 10. h3 Bxf3 11. Bxf3 Nd7 12. Bd1 Nde5 13. Qb1 Nb4 14. Bc2 Qb6
15. Na4 Qa6 16. Bxb4 cxb4 17. b3 Nd7 18. Nb2 Qa3 19. Nd1 Bxa1 20. Qxa1 Nf6 21.
Ne3 Rac8 22. g4 Rc5 23. Qd4 Ra5 24. Bb1 h5 25. Nc2 hxg4 26. Nxa3 gxh3 27. Nc2
Rh5 28. f3 Nd7 29. Ne3 Ne5 30. f4 1-0

[Event "Velka cena Tabora"]
[Site "?"]
[Date "2018.07.30"]
[Round "2.48"]
[White "Havelka, Stanislav"]
[Black "Petr, Josef"]
[Result "0-1"]
[WhiteElo "1000"]
[BlackElo "1608"]
[PlyCount "64"]
[EventDate "2018.??.??"]

1. e4 d6 2. d4 Nf6 3. Bd3 g6 4. Nf3 Bg7 5. O-O O-O 6. Bg5 h6 7. Bd2 Bg4 8. h3
Bd7 9. Nc3 Nc6 10. Ne2 Kh7 11. c3 Qc8 12. Ng3 Ng8 13. Nh2 e5 14. d5 Nce7 15. f4
exf4 16. Bxf4 Be5 17. Ng4 Bxg4 18. hxg4 f6 19. Bxe5 fxe5 20. Rf3 Nf6 21. Qf1
Nxg4 22. Be2 h5 23. Rf7+ Kg8 24. Rxf8+ Qxf8 25. Qxf8+ Rxf8 26. Bxg4 hxg4 27.
Rf1 Rxf1+ 28. Kxf1 Kg7 29. Kf2 Kf6 30. Nf1 Ng8 31. Ne3 Kg5 32. g3 Nf6 0-1

[Event "Velka cena Tabora"]
[Site "?"]
[Date "2018.07.30"]
[Round "2.48"]
[White "Novak, Rudolf"]
[Black "Kratochvil, Milos"]
[Result "0-1"]
[WhiteElo "1584"]
[BlackElo "1000"]
[PlyCount "64"]
[EventDate "2018.??.??"]

1. e4 e5 2. Nf3 Nc6 3. Bb5 a6 4. Ba4 Nf6 5. d3 Be7 6. O-O d6 7. h3 O-O 8. Re1
b5 9. Bb3 Bb7 10. a3 Nd4 11. Nxd4 exd4 12. e5 Nd5 13. Qf3 c6 14. c4 dxc3 15.
Nxc3 Nxc3 16. bxc3 dxe5 17. Rxe5 Qc7 18. Rf5 c5 19. Qg4 Bc8 20. Bh6 g6 21. Bxf8
Bxf5 22. Qf3 Rxf8 23. g4 Be6 24. Bc2 Qe5 25. d4 cxd4 26. cxd4 Qxd4 27. Rd1 Qb2
28. Be4 Bxa3 29. h4 Bc5 30. h5 g5 31. Rb1 Qd2 32. Qf6 Qf4 0-1

[Event "Velka cena Tabora"]
[Site "?"]
[Date "2018.07.30"]
[Round "2.50"]
[White "Postl, Frantisek"]
[Black "Herynek, Petr"]
[Result "0-1"]
[WhiteElo "1000"]
[BlackElo "1566"]
[PlyCount "82"]
[EventDate "2018.??.??"]

1. e4 e5 2. Nf3 Nc6 3. d4 exd4 4. Nxd4 Bc5 5. Nb3 Bb6 6. Nc3 Nge7 7. Nd5 Nxd5
8. Qxd5 Qf6 9. Be3 Qxb2 10. Rc1 Bxe3 11. fxe3 Qc3+ 12. Qd2 Qf6 13. Bd3 O-O 14.
Qf2 Qxf2+ 15. Kxf2 d6 16. h3 f5 17. Ke2 Be6 18. c4 Nb4 19. a3 Nxd3 20. Kxd3
fxe4+ 21. Kxe4 Rae8 22. Kd3 Rf2 23. g4 c5 24. Rce1 b6 25. e4 Rf3+ 26. Ke2 Rxb3
27. a4 Bxc4+ 28. Kd2 Rf8 29. Rh2 Rff3 30. Kc1 Ra3 31. Rb2 Rxa4 32. h4 Bd3 33.
e5 dxe5 34. Rxe5 c4 35. Rd2 Rf1+ 36. Kb2 a6 37. Re8+ Kf7 38. Rb8 b5 39. Kc3
Rc1+ 40. Kd4 c3+ 41. Kc5 cxd2+ 0-1

[Event "Velka cena Tabora"]
[Site "?"]
[Date "2018.07.30"]
[Round "3.41"]
[White "Prochazka, Pavel"]
[Black "Cernik, Rudolf"]
[Result "0-1"]
[WhiteElo "1711"]
[BlackElo "1268"]
[PlyCount "80"]
[EventDate "2018.??.??"]

1. e4 e5 2. d4 exd4 3. Bc4 Nf6 4. e5 d5 5. Bb3 Ne4 6. Ne2 Nc6 7. O-O Bc5 8. c3
Bg4 9. Bf4 g5 10. Bg3 h5 11. h3 Bxe2 12. Qxe2 Nxg3 13. Qb5 Bb6 14. Re1 a6 15.
Qxd5 Qxd5 16. Bxd5 d3 17. Nd2 Rd8 18. Bxc6+ bxc6 19. Nc4 Ne2+ 20. Kf1 g4 21. h4
g3 22. Ne3 Rh6 23. Nf5 Rg6 24. fxg3 Nxg3+ 25. Nxg3 Rxg3 26. e6 f6 27. Re4 Ke7
28. Rd1 Rd6 29. a4 Rxe6 30. Rxe6+ Kxe6 31. b4 Kd5 32. a5 Ba7 33. Re1 Re3 34.
c4+ Kxc4 35. Rc1+ Kxb4 36. Rb1+ Kc3 37. g4 hxg4 38. h5 Rh3 39. Kg2 Rxh5 40. Kg3
Rxa5 0-1

[Event "Velka cena Tabora"]
[Site "?"]
[Date "2018.07.30"]
[Round "3.42"]
[White "Veverkova, Dorota"]
[Black "Privoznik, Lubos"]
[Result "0-1"]
[WhiteElo "1277"]
[BlackElo "1626"]
[PlyCount "54"]
[EventDate "2018.??.??"]

1. e4 e6 2. d4 d5 3. e5 c5 4. c3 Nc6 5. Nf3 Qb6 6. Be2 Nh6 7. Bxh6 Qxb2 8. Bc1
Qxa1 9. Qc2 cxd4 10. Nbd2 Qxc3 11. Qxc3 dxc3 12. Nb3 Nb4 13. Ba3 Nc2+ 14. Kd1
Nxa3 15. Nbd4 Bd7 16. Bd3 Bc5 17. Ke2 Bxd4 18. Nxd4 O-O 19. Rc1 Rfc8 20. Ke3
Nc4+ 21. Kf4 b5 22. Rxc3 b4 23. Rb3 a5 24. Rb1 Rab8 25. Nb3 a4 26. Nd4 Nd2 27.
Rd1 Nc4 0-1

[Event "Velka cena Tabora"]
[Site "?"]
[Date "2018.07.30"]
[Round "3.43"]
[White "Nagyova, Daniela"]
[Black "Novak, Rudolf"]
[Result "1-0"]
[WhiteElo "1238"]
[BlackElo "1584"]
[PlyCount "103"]
[EventDate "2018.??.??"]

1. e4 c5 2. Nf3 d6 3. d4 cxd4 4. Nxd4 Nf6 5. Nc3 e6 6. Be3 Be7 7. Bc4 O-O 8.
Bb3 Nc6 9. Qe2 Na5 10. O-O-O Nxb3+ 11. Nxb3 a6 12. f4 Qc7 13. g4 b5 14. g5 Nd7
15. f5 b4 16. Nb1 exf5 17. exf5 f6 18. g6 Ne5 19. Qh5 hxg6 20. fxg6 Nxg6 21.
Qxg6 f5 22. Rhg1 Rf7 23. Bd4 Bf8 24. Rd3 f4 25. Rd2 Bf5 26. Qg2 Rc8 27. h4 a5
28. h5 a4 29. Na1 Qb7 30. h6 f3 31. Qg3 g6 32. Qg5 Qe4 33. Qe3 Qh4 34. Bg7 Rxg7
35. hxg7 Bxg7 36. Qxf3 Qf6 37. c3 Bh6 38. Rg3 Bxd2+ 39. Nxd2 a3 40. Nc2 axb2+
41. Kb1 Rxc3 42. Ne4 Qe5 43. Nxc3 bxc3 44. Qxc3 Qb5 45. Qb3+ Qxb3 46. Rxb3 d5
47. Kxb2 Kf7 48. a4 Kf6 49. a5 Ke5 50. a6 d4 51. Rb5+ Kd6 52. Rxf5 1-0

[Event "Velka cena Tabora"]
[Site "?"]
[Date "2018.07.30"]
[Round "3.44"]
[White "Handlovsky, Jachym"]
[Black "Trcka, Bohdan"]
[Result "0-1"]
[WhiteElo "1225"]
[BlackElo "1564"]
[PlyCount "86"]
[EventDate "2018.??.??"]

1. e4 e5 2. Nf3 d6 3. Bc4 Be6 4. Bb3 Bxb3 5. axb3 Nd7 6. Nc3 c6 7. d4 a6 8. d5
c5 9. Qe2 Be7 10. Nd1 g5 11. h3 h5 12. Qd2 f6 13. Ne3 Nh6 14. b4 b5 15. bxc5
Nxc5 16. Qb4 Qc8 17. Bd2 g4 18. Nh4 Rg8 19. Nef5 Nxf5 20. Nxf5 gxh3 21. gxh3
Kd7 22. O-O-O Nd3+ 23. Kb1 Nxb4 24. Bxb4 a5 25. Bd2 a4 26. Rhg1 a3 27. bxa3
Rxa3 28. Nh6 Rxg1 29. Rxg1 Qa8 30. Rg8 Ra1+ 31. Kb2 Qa2+ 32. Kc3 b4+ 33. Kd3 b3
34. Ke2 bxc2 35. Rb8 c1=N+ 36. Kf3 Qxd2 37. Rb7+ Kc8 38. Rxe7 Ra3+ 39. Kg2 Nd3
40. Re8+ Kd7 41. Rg8 Qxf2+ 42. Kh1 Ra1+ 43. Rg1 Rxg1# 0-1

[Event "Velka cena Tabora"]
[Site "?"]
[Date "2018.07.30"]
[Round "3.45"]
[White "Stastna, Martina"]
[Black "Dofek, Tomas"]
[Result "1/2-1/2"]
[WhiteElo "1531"]
[BlackElo "1158"]
[PlyCount "71"]
[EventDate "2018.??.??"]

1. e4 e5 2. Nf3 Nc6 3. Bb5 d6 4. c3 Bd7 5. O-O Nf6 6. Re1 Be7 7. d4 exd4 8.
cxd4 O-O 9. Nc3 Bg4 10. Be3 d5 11. e5 Ne4 12. Bd3 Nxc3 13. bxc3 f6 14. exf6
Bxf6 15. Bc2 Bh5 16. Bd2 Qd7 17. Re3 Rae8 18. Qb1 g6 19. Rxe8 Rxe8 20. Ng5 b6
21. Qb5 Be2 22. Qb2 Bxg5 23. Bxg5 Qg4 24. Qc1 Bf3 25. g3 Be4 26. Bxe4 Rxe4 27.
Be3 Ne7 28. Qf1 Qf3 29. Qb5 Qf6 30. Qe8+ Qf8 31. Qxf8+ Kxf8 32. Re1 Re6 33. Kg2
Nf5 34. Kf3 Kf7 35. g4 Nd6 36. Re2 1/2-1/2

[Event "Velka cena Tabora"]
[Site "?"]
[Date "2018.07.30"]
[Round "3.46"]
[White "Vojtek, Pavel"]
[Black "Kral, Ladislav"]
[Result "0-1"]
[WhiteElo "1212"]
[BlackElo "1519"]
[PlyCount "82"]
[EventDate "2018.??.??"]

1. e4 e6 2. d4 d5 3. e5 c5 4. c3 Nc6 5. Nf3 cxd4 6. cxd4 Qb6 7. Bd3 Bd7 8. Bc2
Nb4 9. O-O Nxc2 10. Qxc2 Rc8 11. Nc3 Ne7 12. Be3 Nf5 13. Rfe1 Be7 14. Qb3 Nxe3
15. Rxe3 O-O 16. Qxb6 axb6 17. Rc1 b5 18. Ree1 Bb4 19. Re3 Ba5 20. a3 b4 21.
axb4 Bxb4 22. h3 b5 23. Rd3 Ba5 24. Ra1 Ra8 25. Nd2 Bb6 26. Rxa8 Rxa8 27. Nf3
b4 28. Nd1 Ra1 29. Kh2 Ba4 30. Ne3 Ra2 31. Rd2 Bb5 32. Rc2 Ra8 33. g3 Kf8 34.
Kg2 h6 35. Rd2 Rc8 36. Rc2 Rxc2 37. Nxc2 b3 38. Na3 Be2 39. Nd2 Bxd4 40. Nxb3
Bxe5 41. Nc1 Bxb2 0-1

[Event "Velka cena Tabora"]
[Site "?"]
[Date "2018.07.30"]
[Round "3.47"]
[White "Sindelka, Vladimir"]
[Black "Tipplova, Adela"]
[Result "0-1"]
[WhiteElo "1489"]
[BlackElo "1117"]
[PlyCount "100"]
[EventDate "2018.??.??"]

1. e4 e5 2. Nc3 Nf6 3. f4 Nc6 4. Nf3 d6 5. Bc4 Be6 6. Bxe6 fxe6 7. O-O Be7 8.
Ng5 Qd7 9. Ne2 h6 10. Nh3 O-O-O 11. d3 d5 12. Qe1 exf4 13. Nexf4 g5 14. Ng6
Rhg8 15. Nxe7+ Qxe7 16. b3 Rgf8 17. a4 Qc5+ 18. Be3 Qxc2 19. e5 Ng4 20. Qg3
Nxe3 21. Qxe3 Qxb3 22. Rxf8 Rxf8 23. Qc5 Rf5 24. Nf2 Rxe5 25. Qf8+ Nd8 26. Rc1
Qb6 27. Kf1 Rf5 28. Qc5 Qxc5 29. Rxc5 Nc6 30. g4 Rf4 31. a5 a6 32. h3 Ne5 33.
Kg2 Ra4 34. Rc1 Rxa5 35. Re1 d4 36. Re4 Nc6 37. Rxe6 Rb5 38. Rxh6 a5 39. h4 a4
40. hxg5 Rxg5 41. Kg3 b5 42. Ne4 Rg7 43. Nc5 a3 44. Rh8+ Nd8 45. Kf4 a2 46. Nb3
Rg6 47. Rh1 b4 48. Nxd4 Rd6 49. Nc2 Rxd3 50. Ke4 Rd2 0-1

[Event "Velka cena Tabora"]
[Site "?"]
[Date "2018.07.30"]
[Round "3.48"]
[White "Havelkova, Beata"]
[Black "Vanek, Frantisek"]
[Result "1-0"]
[WhiteElo "1100"]
[BlackElo "1421"]
[PlyCount "41"]
[EventDate "2018.??.??"]

1. e4 d5 2. exd5 Nf6 3. Nf3 Bg4 4. Be2 Qxd5 5. c4 Qa5 6. Nc3 Nc6 7. O-O O-O-O
8. Qc2 Bf5 9. d3 Nb4 10. Qb3 Nxd3 11. Bxd3 Bxd3 12. Re1 e6 13. Bf4 Qa6 14. Ne5
Bg6 15. Rad1 Bc5 16. Na4 Nd7 17. Nxd7 Bxf2+ 18. Kxf2 Rxd7 19. Rxd7 Kxd7 20.
Nc5+ Kc8 21. Nxa6 1-0

[Event "Velka cena Tabora"]
[Site "?"]
[Date "2018.07.30"]
[Round "3.49"]
[White "Porazil, Jan Frantisek"]
[Black "Havelka, Stanislav"]
[Result "1-0"]
[WhiteElo "1334"]
[BlackElo "1000"]
[PlyCount "61"]
[EventDate "2018.??.??"]

1. e4 c5 2. Nf3 d6 3. d4 cxd4 4. Qxd4 Nc6 5. Bb5 Bd7 6. Bxc6 bxc6 7. O-O e5 8.
Qd3 Be7 9. Nc3 Nf6 10. Bg5 Qc7 11. Rad1 Rd8 12. Bxf6 gxf6 13. Nh4 Rg8 14. f4
Rg4 15. fxe5 Rxh4 16. exd6 Qb6+ 17. Kh1 Bf8 18. Rxf6 Rh6 19. Rf4 Bxd6 20. Qg3
Rg6 21. Qh4 Bxf4 22. Qxf4 Be6 23. Rb1 Qc5 24. h3 Qg5 25. Qf3 Rd2 26. Ne2 Bc4
27. Nf4 Rf6 28. g3 Be2 29. Qf2 Rd1+ 30. Rxd1 Bxd1 31. Kh2 1-0

[Event "Velka cena Tabora"]
[Site "?"]
[Date "2018.07.30"]
[Round "3.50"]
[White "Postl, Frantisek"]
[Black "Zilava, Anezka"]
[Result "0-1"]
[WhiteElo "1000"]
[BlackElo "1322"]
[PlyCount "34"]
[EventDate "2018.??.??"]

1. e4 e5 2. Nf3 Nc6 3. d4 exd4 4. Nxd4 Bc5 5. Nb3 Bb6 6. Nc3 d6 7. Bc4 Nf6 8.
O-O Bg4 9. Qd3 Ne5 10. Qd2 Nxc4 11. Qe1 Qd7 12. Nd5 O-O-O 13. h3 Bxh3 14. gxh3
Qxh3 15. Nxf6 gxf6 16. Qc3 Rhg8+ 17. Qg3 Rxg3# 0-1

[Event "Velka cena Tabora"]
[Site "?"]
[Date "2018.07.31"]
[Round "4.41"]
[White "Tipplova, Adela"]
[Black "Vasicek, Milan"]
[Result "0-1"]
[WhiteElo "1117"]
[BlackElo "1630"]
[PlyCount "70"]
[EventDate "2018.??.??"]

1. e4 e5 2. f4 exf4 3. Nf3 Nf6 4. Nc3 d6 5. Bc4 Be7 6. d4 Nc6 7. Bxf4 Bg4 8.
O-O O-O 9. Qd2 a6 10. a4 Nh5 11. Ne2 Bxf3 12. Rxf3 Nxf4 13. Qxf4 Bg5 14. Qg4
Nb4 15. c3 Nc2 16. Rc1 Ne3 17. Bxf7+ Rxf7 18. Qe6 Qe7 19. Qxe7 Rxe7 20. Re1 Rf8
21. Ng3 Rxf3 22. gxf3 Rf7 23. Kf2 Nc4 24. b3 Nd2 25. Rg1 Nxf3 26. Nf5 Nxg1 27.
Kxg1 Rxf5 28. exf5 Kf7 29. Kf2 Kf6 30. Kf3 Kxf5 31. Ke2 Ke4 32. h3 h5 33. b4
Bf4 34. h4 g5 35. hxg5 Bxg5 0-1

[Event "Velka cena Tabora"]
[Site "?"]
[Date "2018.07.31"]
[Round "4.42"]
[White "Privoznik, Lubos"]
[Black "Havelkova, Beata"]
[Result "1-0"]
[WhiteElo "1626"]
[BlackElo "1100"]
[PlyCount "35"]
[EventDate "2018.??.??"]

1. e4 c5 2. Nc3 d6 3. Bb5+ Bd7 4. Bxd7+ Nxd7 5. f4 g6 6. Nf3 Bg7 7. d3 e6 8.
O-O Ne7 9. Qe1 Nc6 10. Nb5 Qb8 11. c3 O-O 12. Qh4 f5 13. Ng5 h5 14. Nxe6 Bf6
15. Qg3 Rc8 16. Qxg6+ Kh8 17. Qxh5+ Kg8 18. Rf3 1-0

[Event "Velka cena Tabora"]
[Site "?"]
[Date "2018.07.31"]
[Round "4.43"]
[White "Kratochvil, Milos"]
[Black "Kukacka, Ladislav"]
[Result "1/2-1/2"]
[WhiteElo "1000"]
[BlackElo "1549"]
[PlyCount "40"]
[EventDate "2018.??.??"]

1. e4 d6 2. d4 Nf6 3. Nc3 c6 4. Bf4 Qa5 5. Bd3 e5 6. dxe5 dxe5 7. Bd2 Qb6 8.
Be3 Qxb2 9. Nge2 Bb4 10. Bd2 Qa3 11. O-O O-O 12. f3 Be6 13. Qe1 Nbd7 14. Kh1
Be7 15. f4 Nc5 16. f5 Nxd3 17. cxd3 Bd7 18. Qg3 Nh5 19. Qg4 Nf6 20. Qg3 Nh5
1/2-1/2